000 00699nam a2200289Ia 4500
005 20260324145458.0
008 008 260324s9999 xx 000 0 eng d
020 _a9780429303036
037 _aEBOOK
040 _aCRL
040 _beng
040 _cCRL
041 _2eng
041 _aeng
084 _qCRL
100 _aLandrum R Bolling; Craig Smith
_91223106
245 0 _aPrivate Foreign Aid
245 0 _bU.s. Philanthropy In Relief And Developlment
260 _bTaylor and Francis
260 _c1982
365 _a
365 _b230
856 _uhttp://www.taylorfrancis.com/books/9780429303036
942 _cEBOOK
999 _c1831077
_d1831077